Tìm hiểu lịch sử Việt Nam hướng tới lễ kỷ niệm 56 năm chiến thắng Điện Biên. 120 năm ngày sinh Chủ tịch Hồ Chí Minh. Đại lễ 1000 năm Thăng Long - Hà Nội T. 1
Nhằm thiết thực kỷ niệm những ngày lễ lớn, cuốn sách giúp chúng ta tìm hiểu quá trình của lịch sử cũng như nghi ơn những bậc tiền bối, những vị anh hùng cách mạng đã có công dựng nước và giữ nước. Truyền thống đấu tranh kiên cường chống ngoại xâm của dân tộc Việt Nam....
Saved in:
| Other Authors: | , , , |
|---|---|
| Format: | Book |
| Language: | Vietnamese |
| Published: |
Tp. Biên Hoà
Nxb. Đồng Nai
2010
|
| Subjects: | |
| Tags: |
Add Tag
No Tags, Be the first to tag this record!
|
| Institutions: | Mạng thư viện Đại học Đà Nẵng |
|---|
| LEADER | 01986nam a2200409 4500 | ||
|---|---|---|---|
| 001 | 000010135 | ||
| 003 | 6335 | ||
| 005 | 20111114101134.0 | ||
| 008 | 111114s2010 viesd | ||
| 020 | |c 270000đ | ||
| 041 | 0 | |a vie | |
| 082 | |a 959.7 |b Tim | ||
| 245 | 1 | 0 | |a Tìm hiểu lịch sử Việt Nam hướng tới lễ kỷ niệm |b 56 năm chiến thắng Điện Biên. 120 năm ngày sinh Chủ tịch Hồ Chí Minh. Đại lễ 1000 năm Thăng Long - Hà Nội |c B.s.: Phạm Hùng (ch.b) ; Phạm Nguyệt ; Công Tấn ; Tuyết Nga |n T. 1 |
| 260 | |a Tp. Biên Hoà |b Nxb. Đồng Nai |c 2010 | ||
| 300 | |a 603 tr |c 24 cm | ||
| 520 | |a Nhằm thiết thực kỷ niệm những ngày lễ lớn, cuốn sách giúp chúng ta tìm hiểu quá trình của lịch sử cũng như nghi ơn những bậc tiền bối, những vị anh hùng cách mạng đã có công dựng nước và giữ nước. Truyền thống đấu tranh kiên cường chống ngoại xâm của dân tộc Việt Nam. | ||
| 653 | |a Lịch sử Việt Nam | ||
| 653 | |a Hướng tới lễ kỷ niệm | ||
| 653 | |a 1000 năm Thăng Long | ||
| 653 | |a 56 năm chiến thắng Điện Biên phủ | ||
| 653 | |a 120 năm ngày sinh Chủ tịch Hồ Chí Minh | ||
| 700 | |a Phạm Hùng |e ch.b | ||
| 700 | |a Phạm Nguyệt |e b.s | ||
| 700 | |a Công Tấn |e b.s | ||
| 700 | |a Tuyết Nga |e b.s | ||
| 773 | |t Tìm hiểu lịch sử Việt Nam hướng tới lễ kỷ niệm |w 6333 | ||
| 910 | |a Nguyễn Thị Kim Oanh |d 14/11/2011 | ||
| OWN | |a LSP | ||
| AVA | |a UDN50 |b LSP |d 959.7 Tim |e available |t Error 5001 Not defined in file expand_doc_bib_avail. |f 1 |g 0 |h N |i 0 |k 1 | ||
| 999 | |a From the UDN01 | ||
| AVA | |a UDN50 |b LSP |d 959.7 Tim |e available |t Error 5001 Not defined in file expand_doc_bib_avail. |f 1 |g 0 |h N |i 0 |k 1 | ||
| TYP | |a Monograph | ||
| TYP | |a Printed language | ||
| 980 | |a Mạng thư viện Đại học Đà Nẵng | ||